000 01117nam a2200277 i 4500
001 6294
003 ES-MaACL
005 20250819061546.0
007 t|
008 890920s1979 lh |||| | spa d
080 _a05(46)
080 _a86(05)(468.171.9)
080 _a86(05)(443.61)
245 0 0 _aPoesía /
_cintroducción por Juan Manuel Rozas.
260 _aVaduz, Liechtenstein :
_bTopos,
_c1979.
300 _a2 v. ;
_c22, 30 cm.
490 1 _aBiblioteca del 36. Revistas en la Segunda República Española ;
_v15
505 8 _aContiene: 1 ;
_tMálaga 1930, números 1-3 - 2 ;
_tParís 1930-1931, números 4-5; fragmento de carta de Manuel Altolaguirre
534 _pRepr. de la revista ed. en:
_cMálaga, (1930) y París (1930-1931) : Imp. Manuel Altolaguirre, 1930-1931.
630 0 4 _aPoesía (Málaga)-
_vFacsímiles.
_9123911
700 1 _aRozas, Juan Manuel.
_9100249
700 1 _aAltolaguirre Bolín, Manuel,
_d1905-1959
_920553
830 0 0 _aBiblioteca del 36.
_pRevistas en la Segunda República española
_v15
_9177501
852 _aES-MaACL
_jL-13500-01
999 _c6294
_d6294